| 000 | 00562nam a2200217Ia 4500 | ||
|---|---|---|---|
| 999 |
_c41233 _d41233 |
||
| 001 | 7885 | ||
| 003 | GE_BSU | ||
| 005 | 20221116105636.0 | ||
| 008 | 181216s2005ge xx |||||||||||||| ||ger|| | ||
| 020 | _a9783468497162 x | ||
| 040 | _cGE_BSU | ||
| 041 | _ager | ||
| 080 | _a821.122.2-4 F-36 | ||
| 100 |
_aFelix &Theo _914905 |
||
| 245 |
_aEin Mann zu viel / _cTheo & Felix |
||
| 264 |
_aBerlin : _bLangenscheidt, _c2005. |
||
| 300 |
_a32 p.: _bIll; _c17cm. |
||
| 653 | _aEin Mann zu viel | ||
| 653 | _aგერმანული ენა | ||
| 942 |
_cBK _2udc |
||